Flight to quality or to captivity? information and credit allocation

Uložené v:
Podrobná bibliografia
Hlavný autor: Dell' Ariccia, Giovanni
Ďalší autori: Marquez, Robert
Médium: Kniha
Jazyk:English
Vydavateľské údaje: Washington International Monetary Fund 2001
Edícia:IMF Working Paper WP/01/20
Predmet:
Tagy: Pridať tag
Žiadne tagy, Buďte prvý, kto otaguje tento záznam!

MARC

LEADER 00000nam a2200000 4500
001 c124643
005 20221221091156.1
041 0 |a eng 
044 |a US 
245 1 0 |a Flight to quality or to captivity?  |b information and credit allocation  |c Giovanni Dell Ariccia and Robert Marquez 
264 1 |a Washington  |b International Monetary Fund  |c 2001 
300 |a 25 s. 
490 1 |a IMF Working Paper  |v WP/01/20 
830 0 |a IMF Working Paper  |v WP/01/20 
610 2 0 |a úver 
610 2 0 |a bankovníctvo 
610 2 0 |a informácie 
100 1 |a Dell' Ariccia, Giovanni 
700 1 |a Marquez, Robert